000
00345nam a22001097a 4500
082
_a
891.433/DAV/N
100
_a
देवी,महाश्वेता
_9
76195
245
_a
जकडन
260
_a
नई दिल्ली
_b
किताब घर प्रकाशन
_c
2011
650
_a
उपन्यास
942
_c
HIN
999
_c
68372
_d
68372